[Event "AUT-ch Internet"]
[Site "Wilhelm-Steinitz-Stadion"]
[Date "2020.10.04"]
[Round "10"]
[White "Sackbauer"]
[Black "Konstantin Peyrer"]
[Result "1/2-1/2"]
[WhiteElo "2401"]
[BlackElo "2247"]
[PlyCount "111"]
[EventDate "2020.10.04"]
[EventType "blitz"]

{- Peyrer, Konstantin} 1. e4 {[%emt 0:00:03]} d5 {[%emt 0:00:01]} 2. exd5 {[%emt 0:00:02]} Qxd5 {[%emt 0:00:01]} 3. Nc3 {[%emt 0:00:01]} Qe6+ {[%emt 0:00:01]} 4. Be2 {[%emt 0:00:09]} Qg6 {[%emt 0:00:01]} 5. Bf3 {[%emt 0:00:07]} Nc6 {[%emt 0:00:03]} 6. Be4 {[%emt 0:00:19]} Bf5 {[%emt 0:00:03]} 7. Bxf5 {[%emt 0:00:09]} Qxf5 {[%emt 0:00:00]} 8. Nf3 {[%emt 0:00:00]} O-O-O {[%emt 0:00:03]} 9. O-O {[%emt 0:00:03]} e5 {[%emt 0:00:01]} 10. d3 {[%emt 0:00:07]} Nf6 {[%emt 0:00:03]} 11. Qe2 {[%emt 0:00:02]} Bb4 {[%emt 0:00:07]} 12. a3 {[%emt 0:00:04]} Bxc3 {[%emt 0:00:18]} 13. bxc3 {[%emt 0:00:01]} e4 {[%emt 0:00:01]} 14. dxe4 {[%emt 0:00:09]} Qxe4 {[%emt 0:00:03]} 15. Qxe4 {[%emt 0:00:25]} Nxe4 {[%emt 0:00:02]} 16. Re1 {[%emt 0:00:01]} Rhe8 {[%emt 0:00:05] Sackbauer reconnected.} 17. Kf1 {[%emt 0:00:01]} f6 {[%emt 0:00:03]} 18. Be3 {[%emt 0:00:31]} Nxc3 {[%emt 0:00:05]} 19. h4 {[%emt 0:00:02]} h5 {[%emt 0:00:03]} 20. Ng1 {[%emt 0:00:13]} Nd5 {[%emt 0:00:05]} 21. Nh3 {[%emt 0:00:05]} Re4 {[%emt 0:00:04]} 22. g3 {[%emt 0:00:10]} Nxe3+ {[%emt 0:00:08]} 23. Rxe3 {[%emt 0:00:03]} Rxe3 {[%emt 0:00:01]} 24. fxe3 {[%emt 0:00:00]} Ne5 {[%emt 0:00:02]} 25. Ke2 {[%emt 0:00:07]} Rd5 {[%emt 0:00:13]} 26. Nf4 {[%emt 0:00:04]} Rc5 {[%emt 0:00:01]} 27. Rc1 {[%emt 0:00:03]} Ng4 {[%emt 0:00:16]} 28. c4 {[%emt 0:00:12]} b5 {[%emt 0:00:03]} 29. Kd3 {[%emt 0:00:17] Sackbauer reconnected.} bxc4+ {[%emt 0:00:08]} 30. Kd4 {[%emt 0:00:10]} Re5 {[%emt 0:00:03]} 31. e4 {[%emt 0:00:04]} Nf2 {[%emt 0:00:08]} 32. Re1 {[%emt 0:00:11]} c3 {[%emt 0:00:02]} 33. Ng6 {[%emt 0:00:07]} Rxe4+ {[%emt 0:00:06]} 34. Rxe4 {[%emt 0:00:02]} Nxe4 {[%emt 0:00:01]} 35. Kd3 {[%emt 0:00:01]} Nxg3 {[%emt 0:00:02]} 36. Kxc3 {[%emt 0:00:01]} Nf5 {[%emt 0:00:01]} 37. Kd3 {[%emt 0:00:05]} Kd7 {[%emt 0:00:01]} 38. Ke4 {[%emt 0:00:01]} Ke6 {[%emt 0:00:01]} 39. Nf4+ {[%emt 0:00:01]} Kd6 {[%emt 0:00:06]} 40. Kxf5 {[%emt 0:00:01]} g5 {[%emt 0:00:01]} 41. hxg5 {[%emt 0:00:02]} fxg5 {[%emt 0:00:00]} 42. Nxh5 {[%emt 0:00:01]} Kc5 {[%emt 0:00:02]} 43. Nf6 {[%emt 0:00:02]} Kd4 {[%emt 0:00:03]} 44. Kxg5 {[%emt 0:00:12]} c5 {[%emt 0:00:03]} 45. Kf4 {[%emt 0:00:00]} c4 {[%emt 0:00:01]} 46. Ne4 {[%emt 0:00:00]} c3 {[%emt 0:00:01]} 47. Nxc3 {[%emt 0:00:01]} Kxc3 {[%emt 0:00:00]} 48. Ke3 {[%emt 0:00:00]} Kb3 {[%emt 0:00:00]} 49. Kd2 {[%emt 0:00:01]} Kxa3 {[%emt 0:00:00]} 50. Kc1 {[%emt 0:00:00]} Ka2 {[%emt 0:00:02]} 51. Kc2 {[%emt 0:00:01]} Ka1 {[%emt 0:00:00]} 52. Kc1 {[%emt 0:00:00]} a5 {[%emt 0:00:00]} 53. Kc2 {[%emt 0:00:00]} a4 {[%emt 0:00:00]} 54. Kc1 {[%emt 0:00:00]} a3 {[%emt 0:00:00]} 55. Kc2 {[%emt 0:00:00]} a2 {[%emt 0:00:00]} 56. Kc1 {[%emt 0:00:00] (Lag: Av=0.87s, max=1.6s)} 1/2-1/2

[Event "AUT-ch Internet"]
[Site "Wilhelm-Steinitz-Stadion"]
[Date "2020.10.04"]
[Round "10"]
[White "Febloh"]
[Black "Pjotr2402"]
[Result "1/2-1/2"]
[WhiteElo "2319"]
[BlackElo "2321"]
[Annotator "NA"]
[PlyCount "169"]
[EventDate "2020.10.04"]
[EventType "blitz"]

1. d4 {[%emt 0:00:04]} Nf6 {[%emt 0:00:02]} 2. c4 {[%emt 0:00:03]} c5 {[%emt 0:00:04]} 3. Nf3 {[%emt 0:00:02]} cxd4 {[%emt 0:00:12]} 4. Nxd4 {[%emt 0:00:00]} Nc6 {[%emt 0:00:05]} 5. Nc3 {[%emt 0:00:02]} Qb6 {[%emt 0:00:05]} 6. Nb3 {[%emt 0:00:02]} e6 {[%emt 0:00:02]} 7. a3 {[%emt 0:00:01]} d5 {[%emt 0:00:03]} 8. cxd5 {[%emt 0:00:03]} Nxd5 {[%emt 0:00:03]} 9. Nxd5 {[%emt 0:00:06]} exd5 {[%emt 0:00:00]} 10. g3 {[%emt 0:00:02]} d4 {[%emt 0:00:15]} 11. Bg2 {[%emt 0:00:03]} Be6 {[%emt 0:00:02]} 12. Nd2 {[%emt 0:00:11]} Be7 {[%emt 0:00:03]} 13. O-O {[%emt 0:00:03]} O-O {[%emt 0:00:01]} 14. Nf3 {[%emt 0:00:10]} Rfd8 {[%emt 0:00:09]} 15. Qd3 {[%emt 0:00:27]} h6 {[%emt 0:00:28]} 16. Bd2 {[%emt 0:00:06]} a5 {[%emt 0:00:11]} 17. Rfc1 {[%emt 0:00:14]} a4 {[%emt 0:00:20]} 18. Bf4 {[%emt 0:00:23]} Rac8 {[%emt 0:00:18]} 19. Rab1 {[%emt 0:00:26]} Ba2 {[%emt 0:00:15]} 20. Ra1 {[%emt 0:00:01]} Bd5 {[%emt 0:00:00]} 21. Rc2 {[%emt 0:00:17]} Bb3 {[%emt 0:00:07]} 22. Rcc1 {[%emt 0:00:14]} Be6 {[%emt 0:00:09]} 23. Bd2 {[%emt 0:00:09]} Ra8 {[%emt 0:00:09]} 24. h4 {[%emt 0:00:03]} Rd5 {[%emt 0:00:16]} 25. e4 {[%emt 0:00:30]} Rb5 {[%emt 0:00:05]} 26. Rc2 {[%emt 0:00:08]} Rb3 {[%emt 0:00:07]} 27. Qf1 {[%emt 0:00:01]} Rxb2 {[%emt 0:00:12]} 28. Rcc1 {[%emt 0:00:01]} Rb3 {[%emt 0:00:06]} 29. Rcb1 {[%emt 0:00:01]} Rd8 {[%emt 0:00:02]} 30. Bf4 {[%emt 0:00:02]} d3 {[%emt 0:00:01]} 31. Nd2 {[%emt 0:00:01]} Rxb1 {[%emt 0:00:02]} 32. Rxb1 {[%emt 0:00:00]} Qa6 {[%emt 0:00:01]} 33. Qc1 {[%emt 0:00:01]} Nd4 {[%emt 0:00:01]} 34. Qb2 {[%emt 0:00:01]} Nb3 {[%emt 0:00:03]} 35. Rd1 {[%emt 0:00:06]} Bc5 {[%emt 0:00:03]} 36. Nf3 {[%emt 0:00:04]} Qc4 {[%emt 0:00:04]} 37. Bf1 {[%emt 0:00:02]} Rd7 {[%emt 0:00:02]} 38. Ne5 {[%emt 0:00:03]} Qc2 {[%emt 0:00:01]} 39. Qxc2 {[%emt 0:00:04]} dxc2 {[%emt 0:00:00]} 40. Rxd7 {[%emt 0:00:01]} Bxd7 {[%emt 0:00:01]} 41. Nxd7 {[%emt 0:00:00]} Bxa3 {[%emt 0:00:03]} 42. Bb5 {[%emt 0:00:01]} c1=Q+ {[%emt 0:00:03]} 43. Bxc1 {[%emt 0:00:01]} Bxc1 {[%emt 0:00:03]} 44. Bxa4 {[%emt 0:00:01]} Nd4 {[%emt 0:00:01]} 45. Nc5 {[%emt 0:00:06]} b5 {[%emt 0:00:01]} 46. Bd1 {[%emt 0:00:02]} b4 {[%emt 0:00:02]} 47. Nb3 {[%emt 0:00:02]} Nxb3 {[%emt 0:00:02]} 48. Bxb3 {[%emt 0:00:00]} Kf8 {[%emt 0:00:01]} 49. Kf1 {[%emt 0:00:01]} f6 {[%emt 0:00:01]} 50. Ke2 {[%emt 0:00:01]} Ke7 {[%emt 0:00:01]} 51. f3 {[%emt 0:00:02] Febloh bietet Remis} g5 {[%emt 0:00:02]} 52. hxg5 {[%emt 0:00:02]} hxg5 {[%emt 0:00:00]} 53. Kd3 {[%emt 0:00:01]} Kd6 {[%emt 0:00:02]} 54. f4 {[%emt 0:00:04]} gxf4 {[%emt 0:00:01]} 55. gxf4 {[%emt 0:00:00]} Bxf4 {[%emt 0:00:02]} 56. Bc4 {[%emt 0:00:01]} Be5 {[%emt 0:00:01]} 57. Bb3 {[%emt 0:00:01]} Bc3 {[%emt 0:00:01]} 58. Bc4 {[%emt 0:00:01]} Kc5 {[%emt 0:00:01]} 59. Bb3 {[%emt 0:00:01]} Kb5 {[%emt 0:00:01]} 60. Kc2 {[%emt 0:00:03]} Kc5 {[%emt 0:00:01]} 61. Kd3 {[%emt 0:00:01]} Kd6 {[%emt 0:00:01]} 62. Ke3 {[%emt 0:00:01]} Ke5 {[%emt 0:00:01]} 63. Kd3 {[%emt 0:00:01]} Kf4 {[%emt 0:00:01]} 64. Bc4 {[%emt 0:00:01]} Kf3 {[%emt 0:00:01]} 65. Bb3 {[%emt 0:00:00]} Kf2 {[%emt 0:00:01]} 66. Ba4 {[%emt 0:00:01]} Ke1 {[%emt 0:00:02]} 67. Bb3 {[%emt 0:00:01]} Be5 {[%emt 0:00:01]} 68. Ba4 {[%emt 0:00:01]} Kf2 {[%emt 0:00:01]} 69. Bb3 {[%emt 0:00:01]} Kf3 {[%emt 0:00:01]} 70. Bd1+ {[%emt 0:00:02]} Kf4 {[%emt 0:00:01]} 71. Bb3 {[%emt 0:00:00]} Kg5 {[%emt 0:00:01]} 72. Bc4 {[%emt 0:00:01]} Kg6 {[%emt 0:00:00]} 73. Bb3 {[%emt 0:00:00]} Kg7 {[%emt 0:00:00]} 74. Bc4 {[%emt 0:00:00]} Kf8 {[%emt 0:00:01]} 75. Bb3 {[%emt 0:00:01]} Ke7 {[%emt 0:00:00]} 76. Ba4 {[%emt 0:00:01]} Kd6 {[%emt 0:00:00]} 77. Bb3 {[%emt 0:00:00]} Kc5 {[%emt 0:00:00]} 78. Ba4 {[%emt 0:00:01]} Bc7 {[%emt 0:00:01]} 79. Bb3 {[%emt 0:00:01]} Kb5 {[%emt 0:00:01]} 80. Kd4 {[%emt 0:00:02]} Bb6+ {[%emt 0:00:02]} 81. Kd3 {[%emt 0:00:01]} Kc5 {[%emt 0:00:01]} 82. Ba4 {[%emt 0:00:01]} b3 {[%emt 0:00:01]} 83. Bxb3 {[%emt 0:00:01]} Bc7 {[%emt 0:00:00]} 84. Bg8 {[%emt 0:00:02]} Be5 {[%emt 0:00:00]} 85. Bh7 {[%emt 0:00:01] Pjotr2402 bietet Remis (Lag: Av=0.73s, max=1.6s)} 1/2-1/2

[Event "AUT-ch Internet"]
[Site "Wilhelm-Steinitz-Stadion"]
[Date "2020.10.04"]
[Round "10"]
[White "DoHoChess"]
[Black "Valentin Dragnev"]
[Result "1-0"]
[WhiteElo "2301"]
[BlackElo "2281"]
[PlyCount "89"]
[EventDate "2020.10.04"]
[EventType "blitz"]

1. e4 {[%emt 0:00:01]} e5 {[%emt 0:00:01]} 2. Nf3 {[%emt 0:00:02]} d6 {[%emt 0:00:01]} 3. Bc4 {[%emt 0:00:09]} Be7 {[%emt 0:00:01]} 4. Nc3 {[%emt 0:00:03]} Nf6 {[%emt 0:00:01]} 5. d3 {[%emt 0:00:01]} O-O {[%emt 0:00:02]} 6. O-O {[%emt 0:00:01]} a5 {[%emt 0:00:02]} 7. a4 {[%emt 0:00:01]} Nbd7 {[%emt 0:00:04]} 8. Re1 {[%emt 0:00:02]} c6 {[%emt 0:00:06]} 9. h3 {[%emt 0:00:02]} h6 {[%emt 0:00:19]} 10. Be3 {[%emt 0:00:03]} Re8 {[%emt 0:00:01]} 11. d4 {[%emt 0:00:13]} exd4 {[%emt 0:00:06]} 12. Bxd4 {[%emt 0:00:03]} Bf8 {[%emt 0:00:13]} 13. e5 {[%emt 0:00:03]} dxe5 {[%emt 0:00:04]} 14. Nxe5 {[%emt 0:00:01]} Nxe5 {[%emt 0:00:08]} 15. Bxe5 {[%emt 0:00:21]} Bf5 {[%emt 0:00:08]} 16. Qf3 {[%emt 0:00:07]} Bxc2 {[%emt 0:00:08]} 17. Re2 {[%emt 0:00:18]} Bg6 {[%emt 0:00:33]} 18. Rd1 {[%emt 0:00:12]} Qc8 {[%emt 0:01:01]} 19. Bxf6 {[%emt 0:00:06]} Rxe2 {[%emt 0:00:02]} 20. Nxe2 {[%emt 0:00:02]} gxf6 {[%emt 0:00:02]} 21. Qxf6 {[%emt 0:00:00]} Qf5 {[%emt 0:00:28]} 22. Bxf7+ {[%emt 0:00:02]} Kh7 {[%emt 0:00:00]} 23. Bxg6+ {[%emt 0:00:11]} Qxg6 {[%emt 0:00:01]} 24. Rd7+ {[%emt 0:00:06]} Bg7 {[%emt 0:00:01]} 25. Qxg6+ {[%emt 0:00:06]} Kxg6 {[%emt 0:00:00]} 26. Nf4+ {[%emt 0:00:01]} Kf5 {[%emt 0:00:03]} 27. Rf7+ {[%emt 0:00:16]} Bf6 {[%emt 0:00:05]} 28. Nh5 {[%emt 0:00:02]} Kg6 {[%emt 0:00:01]} 29. Rxf6+ {[%emt 0:00:08]} Kxh5 {[%emt 0:00:01]} 30. f4 {[%emt 0:00:02]} Rd8 {[%emt 0:00:02]} 31. Kf2 {[%emt 0:00:26]} Rd2+ {[%emt 0:00:05]} 32. Kf3 {[%emt 0:00:01]} Rd3+ {[%emt 0:00:03]} 33. Ke2 {[%emt 0:00:06]} Rb3 {[%emt 0:00:08] Valentin Dragnev bietet Remis} 34. g4+ {[%emt 0:00:03]} Kh4 {[%emt 0:00:01]} 35. Rxh6+ {[%emt 0:00:01]} Kg3 {[%emt 0:00:01]} 36. f5 {[%emt 0:00:07]} Rxb2+ {[%emt 0:00:01]} 37. Ke3 {[%emt 0:00:00]} c5 {[%emt 0:00:02]} 38. f6 {[%emt 0:00:02]} c4 {[%emt 0:00:02]} 39. Rh5 {[%emt 0:00:04]} Rb3+ {[%emt 0:00:03]} 40. Ke4 {[%emt 0:00:03]} Rb1 {[%emt 0:00:05]} 41. f7 {[%emt 0:00:04]} Re1+ {[%emt 0:00:01]} 42. Kd4 {[%emt 0:00:03]} Rd1+ {[%emt 0:00:01]} 43. Kxc4 {[%emt 0:00:01]} Rd8 {[%emt 0:00:01]} 44. Rf5 {[%emt 0:00:01]} Rf8 {[%emt 0:00:01]} 45. g5 {[%emt 0:00:00] Valentin Dragnev gibt auf (Lag: Av=0.59s, max=1.0s)} 1-0

[Event "AUT-ch Internet"]
[Site "Wilhelm-Steinitz-Stadion"]
[Date "2020.10.04"]
[Round "10"]
[White "En#passant"]
[Black "S Baumegger"]
[Result "0-1"]
[WhiteElo "2252"]
[BlackElo "2198"]
[PlyCount "90"]
[EventDate "2020.10.04"]
[EventType "blitz"]

1. a4 {[%emt 0:00:01]} e5 {[%emt 0:00:06]} 2. g3 {[%emt 0:00:01]} d5 {[%emt 0:00:04]} 3. Bg2 {[%emt 0:00:00]} Nc6 {[%emt 0:00:02]} 4. a5 {[%emt 0:00:00]} a6 {[%emt 0:00:02]} 5. c4 {[%emt 0:00:02]} d4 {[%emt 0:00:04]} 6. Bxc6+ {[%emt 0:00:07]} bxc6 {[%emt 0:00:02]} 7. d3 {[%emt 0:00:01]} c5 {[%emt 0:00:05]} 8. Nf3 {[%emt 0:00:03]} Bb7 {[%emt 0:00:07]} 9. Qa4+ {[%emt 0:00:02]} Ke7 {[%emt 0:00:41]} 10. b4 {[%emt 0:00:20]} Qe8 {[%emt 0:00:15]} 11. Qa3 {[%emt 0:00:19]} f6 {[%emt 0:00:14]} 12. bxc5 {[%emt 0:00:29]} Bc6 {[%emt 0:00:02]} 13. O-O {[%emt 0:00:30]} h5 {[%emt 0:00:02]} 14. h4 {[%emt 0:00:03]} Qg6 {[%emt 0:00:17]} 15. Nbd2 {[%emt 0:00:07]} Qg4 {[%emt 0:00:11]} 16. Kh2 {[%emt 0:00:28]} Nh6 {[%emt 0:00:02]} 17. Rb1 {[%emt 0:00:21]} Qf5 {[%emt 0:00:14]} 18. Ne4 {[%emt 0:00:15]} Ng4+ {[%emt 0:00:11]} 19. Kg2 {[%emt 0:00:03]} Kf7 {[%emt 0:00:03]} 20. Bd2 {[%emt 0:00:13]} Be7 {[%emt 0:00:03]} 21. Nh2 {[%emt 0:00:10]} Bxe4+ {[%emt 0:00:11]} 22. dxe4 {[%emt 0:00:00]} Qxe4+ {[%emt 0:00:01]} 23. Qf3 {[%emt 0:00:00]} Qxf3+ {[%emt 0:00:05]} 24. exf3 {[%emt 0:00:00]} Nxh2 {[%emt 0:00:02]} 25. Kxh2 {[%emt 0:00:00]} Bxc5 {[%emt 0:00:05]} 26. Rb7 {[%emt 0:00:01]} Rhc8 {[%emt 0:00:01]} 27. f4 {[%emt 0:00:02]} Ke6 {[%emt 0:00:05]} 28. fxe5 {[%emt 0:00:01]} fxe5 {[%emt 0:00:02]} 29. Re1 {[%emt 0:00:00]} Kf5 {[%emt 0:00:04]} 30. f3 {[%emt 0:00:02]} Rab8 {[%emt 0:00:09]} 31. Reb1 {[%emt 0:00:01]} Rxb7 {[%emt 0:00:04]} 32. Rxb7 {[%emt 0:00:00]} e4 {[%emt 0:00:02]} 33. fxe4+ {[%emt 0:00:02]} Kxe4 {[%emt 0:00:01]} 34. Bf4 {[%emt 0:00:01]} d3 {[%emt 0:00:13]} 35. Kg2 {[%emt 0:00:02]} Be3 {[%emt 0:00:04]} 36. Rb1 {[%emt 0:00:21]} Bxf4 {[%emt 0:00:02]} 37. gxf4 {[%emt 0:00:00]} Ke3 {[%emt 0:00:03]} 38. Re1+ {[%emt 0:00:02]} Kd4 {[%emt 0:00:01]} 39. Kf3 {[%emt 0:00:02]} d2 {[%emt 0:00:03]} 40. Rd1 {[%emt 0:00:01]} Kd3 {[%emt 0:00:01]} 41. f5 {[%emt 0:00:01]} Re8 {[%emt 0:00:02]} 42. Kf2 {[%emt 0:00:01]} Re4 {[%emt 0:00:02]} 43. Rg1 {[%emt 0:00:03]} Rf4+ {[%emt 0:00:03]} 44. Kg3 {[%emt 0:00:01]} Rg4+ {[%emt 0:00:01]} 45. Kf3 {[%emt 0:00:01]} Rxg1 {[%emt 0:00:01]} 0-1

[Event "AUT-ch Internet"]
[Site "Wilhelm-Steinitz-Stadion"]
[Date "2020.10.04"]
[Round "10"]
[White "Lukas Breneis"]
[Black "Stefan Kindermann"]
[Result "0-1"]
[WhiteElo "2155"]
[BlackElo "2407"]
[PlyCount "46"]
[EventDate "2020.10.04"]
[EventType "blitz"]

1. e4 {[%emt 0:00:02]} e6 {[%emt 0:00:01]} 2. Qe2 {[%emt 0:00:05]} c5 {[%emt 0:00:02]} 3. f4 {[%emt 0:00:05]} Nc6 {[%emt 0:00:01]} 4. Nf3 {[%emt 0:00:01]} g6 {[%emt 0:00:05]} 5. c3 {[%emt 0:00:04]} Bg7 {[%emt 0:00:01]} 6. d3 {[%emt 0:00:04]} Nge7 {[%emt 0:00:02]} 7. Be3 {[%emt 0:00:03]} b6 {[%emt 0:00:03]} 8. Nbd2 {[%emt 0:00:05]} O-O {[%emt 0:00:03]} 9. h4 {[%emt 0:00:06]} d5 {[%emt 0:00:09]} 10. h5 {[%emt 0:00:32]} d4 {[%emt 0:00:01]} 11. cxd4 {[%emt 0:00:04]} cxd4 {[%emt 0:00:14]} 12. Bf2 {[%emt 0:00:06]} Nb4 {[%emt 0:00:03]} 13. Nb3 {[%emt 0:00:09]} Ba6 {[%emt 0:00:09]} 14. Rd1 {[%emt 0:00:20]} Rc8 {[%emt 0:00:12]} 15. Ng5 {[%emt 0:00:18]} Nc2+ {[%emt 0:00:06]} 16. Kd2 {[%emt 0:00:03]} Qd6 {[%emt 0:00:04]} 17. Qg4 {[%emt 0:00:13]} f5 {[%emt 0:00:37]} 18. Qh4 {[%emt 0:00:09]} h6 {[%emt 0:00:01]} 19. Bg3 {[%emt 0:00:38]} hxg5 {[%emt 0:00:11]} 20. Qxg5 {[%emt 0:00:04]} fxe4 {[%emt 0:00:13]} 21. hxg6 {[%emt 0:00:08]} Nf5 {[%emt 0:00:13]} 22. Qh5 {[%emt 0:00:14]} e3+ {[%emt 0:00:05]} 23. Kc1 {[%emt 0:00:01]} Na3+ {[%emt 0:00:04] Lukas Breneis gibt auf (Lag: Av=0.82s, max=1.2s)} 0-1

[Event "AUT-ch Internet"]
[Site "Wilhelm-Steinitz-Stadion"]
[Date "2020.10.04"]
[Round "10"]
[White "Tannika"]
[Black "Shengel"]
[Result "0-1"]
[WhiteElo "2136"]
[BlackElo "2348"]
[PlyCount "68"]
[EventDate "2020.10.04"]
[EventType "blitz"]

1. e4 {[%emt 0:00:01]} c5 {[%emt 0:00:02]} 2. Nf3 {[%emt 0:00:01]} Nc6 {[%emt 0:00:00]} 3. d4 {[%emt 0:00:00]} cxd4 {[%emt 0:00:01]} 4. Nxd4 {[%emt 0:00:00]} Nf6 {[%emt 0:00:02]} 5. Nc3 {[%emt 0:00:01]} d6 {[%emt 0:00:00]} 6. f3 {[%emt 0:00:13]} e5 {[%emt 0:00:03]} 7. Nb3 {[%emt 0:00:05]} Be7 {[%emt 0:00:02]} 8. Be3 {[%emt 0:00:01]} Be6 {[%emt 0:00:01]} 9. Qd2 {[%emt 0:00:01]} a5 {[%emt 0:00:02]} 10. Bb5 {[%emt 0:00:02]} O-O {[%emt 0:00:02]} 11. h4 {[%emt 0:00:01]} Na7 {[%emt 0:00:05]} 12. Bd3 {[%emt 0:00:11]} Nc6 {[%emt 0:00:21]} 13. g4 {[%emt 0:00:11]} a4 {[%emt 0:00:05]} 14. Nc1 {[%emt 0:00:02]} d5 {[%emt 0:00:01]} 15. exd5 {[%emt 0:00:02]} Nxd5 {[%emt 0:00:02]} 16. Nxd5 {[%emt 0:00:03]} Qxd5 {[%emt 0:00:03]} 17. Qf2 {[%emt 0:00:14]} f5 {[%emt 0:00:24]} 18. g5 {[%emt 0:00:25]} e4 {[%emt 0:00:05]} 19. Be2 {[%emt 0:00:05]} f4 {[%emt 0:00:02]} 20. Bb6 {[%emt 0:00:15]} e3 {[%emt 0:00:05]} 21. Bxe3 {[%emt 0:00:02]} fxe3 {[%emt 0:00:02]} 22. Qxe3 {[%emt 0:00:00]} Nd4 {[%emt 0:00:07]} 23. O-O {[%emt 0:00:24]} Bc5 {[%emt 0:00:09]} 24. Kh1 {[%emt 0:00:16]} Nxc2 {[%emt 0:00:14]} 25. Qc3 {[%emt 0:00:07]} Nxa1 {[%emt 0:00:04]} 26. Nd3 {[%emt 0:00:04]} Bd4 {[%emt 0:00:03]} 27. Qc7 {[%emt 0:00:13]} Rac8 {[%emt 0:00:05]} 28. Qg3 {[%emt 0:00:11]} Nc2 {[%emt 0:00:05]} 29. Rd1 {[%emt 0:00:08]} Ne3 {[%emt 0:00:04]} 30. Re1 {[%emt 0:00:03]} Qf5 {[%emt 0:00:07]} 31. Nf2 {[%emt 0:00:13]} Be5 {[%emt 0:00:17]} 32. Qg1 {[%emt 0:00:02]} Qf4 {[%emt 0:00:04]} 33. Ng4 {[%emt 0:00:09]} Nxg4 {[%emt 0:00:03]} 34. fxg4 {[%emt 0:00:02] Tannika gibt auf} Bd5+ {[%emt 0:00:02]} 0-1

[Event "AUT-ch Internet"]
[Site "Wilhelm-Steinitz-Stadion"]
[Date "2020.10.04"]
[Round "11"]
[White "Stefan Kindermann"]
[Black "Febloh"]
[Result "0-1"]
[WhiteElo "2413"]
[BlackElo "2319"]
[PlyCount "44"]
[EventDate "2020.10.04"]
[EventType "blitz"]

1. d4 {[%emt 0:00:03]} Nf6 {[%emt 0:00:02]} 2. Nf3 {[%emt 0:00:01]} g6 {[%emt 0:00:06]} 3. g3 {[%emt 0:00:01]} Bg7 {[%emt 0:00:02]} 4. Bg2 {[%emt 0:00:01]} O-O {[%emt 0:00:00]} 5. O-O {[%emt 0:00:01]} d6 {[%emt 0:00:00]} 6. b3 {[%emt 0:00:01]} c6 {[%emt 0:00:09]} 7. Bb2 {[%emt 0:00:01]} Qa5 {[%emt 0:00:01]} 8. Nbd2 {[%emt 0:00:10]} Qh5 {[%emt 0:00:05]} 9. e4 {[%emt 0:00:09]} Bh3 {[%emt 0:00:05]} 10. Bxh3 {[%emt 0:00:20]} Qxh3 {[%emt 0:00:01]} 11. Ng5 {[%emt 0:00:03]} Qc8 {[%emt 0:00:13]} 12. e5 {[%emt 0:00:04]} dxe5 {[%emt 0:00:10]} 13. dxe5 {[%emt 0:00:01]} Nfd7 {[%emt 0:00:14]} 14. Qe2 {[%emt 0:00:18]} Nc5 {[%emt 0:00:06]} 15. f4 {[%emt 0:00:12]} h6 {[%emt 0:00:13]} 16. Ngf3 {[%emt 0:00:09]} Nba6 {[%emt 0:00:06]} 17. Ba3 {[%emt 0:00:11]} Qc7 {[%emt 0:00:17]} 18. Rad1 {[%emt 0:00:07]} Rad8 {[%emt 0:00:02]} 19. Ne4 {[%emt 0:00:10]} Qa5 {[%emt 0:00:16]} 20. Bxc5 {[%emt 0:00:14]} Nxc5 {[%emt 0:00:02]} 21. a4 {[%emt 0:00:05]} Nxe4 {[%emt 0:00:07]} 22. Qe3 {[%emt 0:00:02]} Qc5 {[%emt 0:00:04] Stefan Kindermann gibt auf (Lag: Av=0.74s, max=0.9s)} 0-1

[Event "AUT-ch Internet"]
[Site "Wilhelm-Steinitz-Stadion"]
[Date "2020.10.04"]
[Round "11"]
[White "Shengel"]
[Black "DoHoChess"]
[Result "1/2-1/2"]
[WhiteElo "2356"]
[BlackElo "2317"]
[PlyCount "22"]
[EventDate "2020.10.04"]
[EventType "blitz"]

1. d4 {[%emt 0:00:02]} d5 {[%emt 0:00:01]} 2. c4 {[%emt 0:00:01]} c6 {[%emt 0:00:02]} 3. cxd5 {[%emt 0:00:01]} cxd5 {[%emt 0:00:01]} 4. Nf3 {[%emt 0:00:01]} Nf6 {[%emt 0:00:01]} 5. Bf4 {[%emt 0:00:01]} Nc6 {[%emt 0:00:02]} 6. Nc3 {[%emt 0:00:01]} Bf5 {[%emt 0:00:01]} 7. e3 {[%emt 0:00:01]} e6 {[%emt 0:00:01]} 8. Bd3 {[%emt 0:00:01]} Bxd3 {[%emt 0:00:01]} 9. Qxd3 {[%emt 0:00:01]} Bd6 {[%emt 0:00:00]} 10. Bxd6 {[%emt 0:00:01]} Qxd6 {[%emt 0:00:00]} 11. O-O {[%emt 0:00:01]} O-O {[%emt 0:00:00] DoHoChess bietet Remis (Lag: Av=0.42s, max=0.4s)} 1/2-1/2

[Event "AUT-ch Internet"]
[Site "Wilhelm-Steinitz-Stadion"]
[Date "2020.10.04"]
[Round "11"]
[White "Pjotr2402"]
[Black "Tannika"]
[Result "1-0"]
[WhiteElo "2321"]
[BlackElo "2128"]
[Annotator "NA"]
[PlyCount "59"]
[EventDate "2020.10.04"]
[EventType "blitz"]

1. e4 {[%emt 0:00:02]} e5 {[%emt 0:00:03]} 2. Nc3 {[%emt 0:00:01]} Nc6 {[%emt 0:00:06]} 3. f4 {[%emt 0:00:04]} exf4 {[%emt 0:00:02]} 4. d4 {[%emt 0:00:02]} Be7 {[%emt 0:00:02]} 5. Bxf4 {[%emt 0:00:02]} Bh4+ {[%emt 0:00:01]} 6. g3 {[%emt 0:00:03]} Be7 {[%emt 0:00:03]} 7. Nf3 {[%emt 0:00:01]} d6 {[%emt 0:00:02]} 8. Qd2 {[%emt 0:00:15]} Bg4 {[%emt 0:00:05]} 9. Bg2 {[%emt 0:00:02]} Qd7 {[%emt 0:00:07]} 10. O-O-O {[%emt 0:00:04]} O-O-O {[%emt 0:00:01]} 11. h3 {[%emt 0:00:01]} Bh5 {[%emt 0:00:01]} 12. g4 {[%emt 0:00:02]} Bg6 {[%emt 0:00:01]} 13. d5 {[%emt 0:00:08]} Na5 {[%emt 0:00:22]} 14. Qd4 {[%emt 0:00:10]} b6 {[%emt 0:00:13]} 15. Bf1 {[%emt 0:00:13]} Kb8 {[%emt 0:00:08]} 16. Bb5 {[%emt 0:00:03]} Qc8 {[%emt 0:00:06]} 17. Kb1 {[%emt 0:00:02]} a6 {[%emt 0:00:13]} 18. Be2 {[%emt 0:00:11]} Bf6 {[%emt 0:00:02]} 19. Qb4 {[%emt 0:00:06]} Bxc3 {[%emt 0:00:34]} 20. Qxc3 {[%emt 0:00:02]} Bxe4 {[%emt 0:00:04]} 21. Qxg7 {[%emt 0:00:08]} Ne7 {[%emt 0:00:06]} 22. Bg5 {[%emt 0:00:12]} Rde8 {[%emt 0:00:30]} 23. Bxe7 {[%emt 0:00:21]} Rxe7 {[%emt 0:00:05]} 24. Qf6 {[%emt 0:00:02]} Bxc2+ {[%emt 0:00:09]} 25. Kxc2 {[%emt 0:00:06]} Rxe2+ {[%emt 0:00:01]} 26. Kb1 {[%emt 0:00:01]} Nc4 {[%emt 0:00:11]} 27. Nd4 {[%emt 0:00:13]} Rxb2+ {[%emt 0:00:05]} 28. Ka1 {[%emt 0:00:01]} Qb7 {[%emt 0:00:21]} 29. Nc6+ {[%emt 0:00:09]} Ka8 {[%emt 0:00:02]} 30. Qxh8+ {[%emt 0:00:01] Tannika gibt auf (Lag: Av=1.09s, max=3.9s)} 1-0